| Tag |
First Indicator |
Second Indicator |
Subfields |
| LEADER |
00000cam a2200000 a 4500 |
| 001 |
in00000008701 |
| 005 |
20151003080028.0 |
| 008 |
870612s1987 txuac b 00010 eng |
| 010 |
|
|
|a 87012524
|
| 020 |
|
|
|a 0939980177
|
| 035 |
|
|
|a (OCoLC)16226682
|
| 035 |
|
|
|9 AAA1102AM
|
| 040 |
|
|
|a DLC
|c DLC
|d TXA
|d UtOrBLW
|
| 041 |
1 |
|
|a eng
|h spa
|
| 050 |
0 |
0 |
|a PQ6603.U4
|b M413 1987
|
| 082 |
0 |
|
|a 862/.64
|2 19
|
| 100 |
1 |
|
|a Buero Vallejo, Antonio,
|d 1916-2000.
|
| 240 |
1 |
0 |
|a Meninas.
|l English
|
| 245 |
1 |
4 |
|a Las Meninas :
|b a fantasia in two parts /
|c Antonio Buero- Vallejo ; translated by Marion Peter Holt.
|
| 264 |
|
1 |
|a San Antonio, Tex. :
|b Trinity University Press,
|c [1987]
|
| 264 |
|
4 |
|c ©1987
|
| 300 |
|
|
|a xxii, 108 pages :
|b illustrations, portraits ;
|c 22 cm.
|
| 336 |
|
|
|a text
|b txt
|2 rdacontent
|
| 337 |
|
|
|a unmediated
|b n
|2 rdamedia
|
| 338 |
|
|
|a volume
|b nc
|2 rdacarrier
|
| 500 |
|
|
|a Translation of: Las meninas.
|
| 504 |
|
|
|a Bibliography: pages [xix]-xx.
|
| 600 |
1 |
0 |
|a Velázquez, Diego,
|d 1599-1660
|x Drama.
|
| 999 |
|
|
|a MARS
|
| 999 |
f |
f |
|s 97d6ead1-1320-31df-876b-0806699a4533
|i 6587f540-4ad4-3e2f-8da6-bd22cc5603d3
|t 0
|
| 952 |
f |
f |
|p ric
|a Texas A&M University
|b Rellis Campus
|c Joint Library Facility
|d Remote Storage
|t 0
|e PQ6603.U4 M413 1987
|h Library of Congress classification
|i unmediated -- volume
|m A14812562382
|
| 998 |
f |
f |
|a PQ6603.U4 M413 1987
|t 0
|l Remote Storage
|